|
|
|
|
| LEADER |
03026nam a2200445 a 4500 |
| 001 |
EBC3138143 |
| 003 |
MiAaPQ |
| 005 |
20200520144314.0 |
| 006 |
m o d | |
| 007 |
cr cn||||||||| |
| 008 |
070506s2007 nyua sb 101 0 eng d |
| 010 |
|
|
|z 2007018957
|
| 020 |
|
|
|z 9780801446160 (cloth : alk. paper)
|
| 020 |
|
|
|z 0801446163 (cloth : alk. paper)
|
| 020 |
|
|
|z 9780801473913 (pbk. : alk. paper)
|
| 020 |
|
|
|z 0801473918 (pbk. : alk. paper)
|
| 020 |
|
|
|a 9780801461545 (electronic bk.)
|
| 035 |
|
|
|a (MiAaPQ)EBC3138143
|
| 035 |
|
|
|a (Au-PeEL)EBL3138143
|
| 035 |
|
|
|a (CaPaEBR)ebr10468022
|
| 035 |
|
|
|a (OCoLC)732957104
|
| 040 |
|
|
|a MiAaPQ
|c MiAaPQ
|d MiAaPQ
|
| 050 |
|
4 |
|a HD6475.A1
|b G57 2007
|
| 245 |
0 |
0 |
|a Global unions
|h [electronic resource] :
|b challenging transnational capital through cross-border campaigns /
|c edited by Kate Bronfenbrenner.
|
| 260 |
|
|
|a Ithaca [N.Y.] :
|b ILR Press/Cornell University Press,
|c 2007.
|
| 300 |
|
|
|a xi, 261 p. :
|b ill.
|
| 490 |
1 |
|
|a Frank W. Pierce memorial lectureship and conference series ;
|v no. 13
|
| 500 |
|
|
|a Papers originally presented at a conference held Feb. 9, 2006 in New York, N.Y.
|
| 504 |
|
|
|a Includes bibliographical references (p. [227]-248) and index.
|
| 505 |
0 |
|
|a Beating global capital : a framework and method for union strategic corporate research and campaigns / Tom Juravich -- "Due diligence" at APM-Maersk : from Malaysian industrial dispute to Danish cross-border labor campaign / Peter Wad -- Indian labor legislation and cross-border solidarity in historical context / Ashwini Sukthankar and Kevin Kolben -- Struggle, perseverance, and organization in Sri Lanka's export processing zones / Samanthi Gunawardana -- Organizing in the banana sector / Henry Frundt -- Dockers versus the directives : battling port policy on the European waterfront / Peter Turnbull -- Going national or European? : local trade union politics within transnational business contexts in Europe / Valeria Pulignano -- Labor-community coalitions, global union alliances, and the potential of SEIU's global partnerships / Amanda Tattersall -- International framework agreements : opportunities and challenges for global unionism / Dimitris Stevis and Terry Boswell -- Beyond workers' rights : transnational corporations, human rights abuse, and violent conflict in the global South / Darryn Snell.
|
| 533 |
|
|
|a Electronic reproduction. Ann Arbor, MI : ProQuest, 2015. Available via World Wide Web. Access may be limited to ProQuest affiliated libraries.
|
| 650 |
|
0 |
|a International labor activities
|z Congresses.
|
| 650 |
|
0 |
|a Labor unions
|v Congresses.
|
| 650 |
|
0 |
|a International business enterprises
|v Congresses.
|
| 650 |
|
0 |
|a Globalization
|v Congresses.
|
| 655 |
|
4 |
|a Electronic books.
|
| 700 |
1 |
|
|a Bronfenbrenner, Kate,
|d 1954-
|
| 710 |
2 |
|
|a ProQuest (Firm)
|
| 830 |
|
0 |
|a Frank W. Pierce memorial lectureship and conference series ;
|v no. 13.
|
| 856 |
4 |
0 |
|u https://ebookcentral.proquest.com/lib/matrademy/detail.action?docID=3138143
|z Click to View
|